书目信息 |
| 书名: | China tames her rivers | |
| 作者: | ||
| 分册号: | ||
| 分册名: | 出版地: | Peking : |
|
| 出版社: | Foreign Languages Press | |
| 出版时间: | 1972. | |
| 页数: | 51 p. : | |
| 开本: | 20 cm. | |
| 丛书名: | ||
| 中图分类号: | ||
| 科图分类号: | ||
| 其他分类号: | TV8 | |
| 主题词: | ||
| 电子资源: | ||
| 000 | 01012nam 2200253 a 4500 | |
| 001 | E0739350386 | |
| 005 | 20070727110008.15 | |
| 008 | 721002s1972 cc ab 000 0 eng | |
| 010 | @a72193225 | |
| 035 | @a(DLC) 72193225 | |
| 040 | @aDLC @cDLC @dDLC @dCcBjTSG | |
| 043 | @aa-cc--- | |
| 050 | 00 | @aTC501 @b.C6 |
| 082 | 00 | @a627/.4/0951 |
| 090 | @aE1448 | |
| 090 | @aTV8 | |
| 096 | @aE1448 | |
| 099 | @dTV8@ex7 | |
| 245 | 00 | @aChina tames her rivers |
| 260 | @aPeking :@bForeign Languages Press,@c1972. | |
| 300 | @a51 p. :@bill., maps. ;@c20 cm. | |
| 500 | @a"中国几条主要河流的治理(英)" | |
| 505 | 0 | @aA new chapter in taming the Yellow River, by Huang Chun.--Twenty years work on the Huai River, by Hung Nung.--Three provinces unite to control the Huai, by Chung Wen.--Conquering the Haiho, by Chien Wen.--Water conservation on the Chianghan Plain, by Chung Chien. |
| 650 | 0 | @aFlood control @zChina. @b01 @c20070530 @lNLC09 @h0952 @b01 @c20070530 @lNLC09 @h0959 @b01 @c20070717 @lNLC09 @h1555 |
| China tames her rivers.-Peking : : Foreign Languages Press, , 1972. |
| 51 p. : : ill., maps. ; ; 20 cm. |
| "中国几条主要河流的治理(英)" .-A new chapter in taming the Yellow River, by Huang Chun.--Twenty years work on the Huai River, by Hung Nung.--Three provinces unite to control the Huai, by Chung Wen.--Conquering the Haiho, by Chien Wen.--Water conservation on the Chianghan Plain, by Chung Chien. |
| ISBN |
| ● |
| 相关链接 |
|
|
|
|
正题名:China tames her rivers
索取号:TV8/x7
 
预约/预借
| 序号 | 登录号 | 条形码 | 馆藏地/架位号 | 状态 | 备注 |
| 1 | 0014097 | 300140979 | 第二样本阅览室/ [索取号:TV8/x7] | 在馆 |